| 000 | 00616nam a22002053a 4500 | ||
|---|---|---|---|
| 005 | 20240315063631.0 | ||
| 008 | 011002s2001 mx fr 000 0 spa d | ||
| 020 | _a061804289X | ||
| 035 | _aUPN01000112457 | ||
| 049 | _aCG | ||
| 050 | 4 |
_aHV2430 _bM6.4 2001 |
|
| 100 | 1 | _aMoores, Donald F. | |
| 245 | 1 | 0 |
_aEducating the deaf : _bpsychology, principles, and practices / _cDonald F. Moores. |
| 250 | _a5a ed. | ||
| 260 |
_aBoston, E.U.A. : _bHoughton Mifflin, _cc2001. |
||
| 300 |
_a366 p. + _eapƩndice |
||
| 650 | 4 |
_aSordos _xEducación _914832 |
|
| 650 | 4 |
_aSORDOS - _xEDUCACION - _zESTADOS UNIDOS |
|
| 905 | _aLibro | ||
| 999 |
_c86365 _d86365 |
||